History Quiz

Random History or Famous Quiz
Score 0/21 Timer 05:00
0 Plays Today
Clue Answer % Correct
US President 1974Richard Nixon
95.5%
Cuban President 2008Fidel Castro
94.1%
Governor of Alaska 2009Sarah Palin
87%
Pope 2013Benedict XVI
86%
Russian President 1999Boris Yeltsin
78.4%
British Monarch 1936Edward VIII
76.9%
US Vice President 1973Spiro Agnew
73.4%
Commander-in-Chief (Continental Army) 1783George Washington
72.9%
Tibetan Spiritual Leader* 2011Dalai Lama
72.5%
US World Chess Champion 1975Bobby Fischer
68.3%
Soviet Leader 1964Nikita Khrushchev
67.1%
Clue Answer % Correct
Speaker (H.of Representatives) 1998Newt Gingrich
57.6%
Egyptian President 2011Hosni Mubarak
50.5%
Israeli Prime Minister 1977Yitzhak Rabin
42.2%
Chief Justice of the US 1795John Jay
41.5%
Governor of New York 2008Eliot Spitzer
31.7%
US Secretary of State 1980Cyrus Vance
16.6%
East German leader 1989Erich Honecker
15.1%
Israeli Prime Minister 2009Ehud Olmert
13.9%
Director of Central Intelligence 2004George Tenet
12.4%
Chancellor of the Exchequer 1989Nigel Lawson
9%
Remove Ads.
Support Sporcle.
Get the best of Sporcle when you Go Orange. This ad-free experience offers more features, more stats, and more fun while also helping to support Sporcle. Thank you for becoming a member.

You're not logged in!

Compare scores with friends on all Sporcle quizzes.
OR
Log In

Sporcle TV

Today on Sporcle TV


Watch our educational content, quiz creation guides, and fun videos on Sporcle TV.

Show Comments

Extras

Top Quizzes Today


Score Distribution

Paid Content

Your Account Isn't Verified!

In order to create a playlist on Sporcle, you need to verify the email address you used during registration. Go to your Sporcle Settings to finish the process.

Report this User

Report this user for behavior that violates our Community Guidelines.

Details: